Divinités et Personnages de la Mythologie Grecque par image - Statistiques

Statistiques générales
  • Ce quiz a été pris 219 fois
  • Le résultat moyen est 7 sur 10
Statistiques - réponses
Par images Réponse % Correct
Zeus
93%
Apollon
90%
Artémis
90%
Narcisse
86%
Dionysos
77%
Héra
71%
Hadès
69%
Perséphone
54%
Thémis
34%
Nyx
8%
Aucun quiz correspondant
Distribution des résultats
% des personnes avec chaque résultat
Percentile par nombre de réponses
Votre historique - résultats
Vous n’avez pas pris ce quiz